Länderkette - Statistiken

Allgemein
  • Dieses Quiz wurde 422 mal gespielt
    176 seit der letzten Aktualisierung
  • Das Durchschnittsergebnis liegt bei 15 aus 18
Antwortstatistiken
Hinweise Land % Korrekt
Pizza, Vespa, Stiefel Italien
99%
Windmühlen, Tulpen, Käse Niederlande
99%
Kängurus, Great Barrier Reef, Opernhaus Australien
97%
Flamenco, Tapas, Stierkampf Spanien
97%
Dnjepr, Majdan, Tschernobyl Ukraine
94%
Ostsee, Insel Ösel, Digitalisierung Estland
92%
Karibik, Urlaub, Hispaniola Dominikanische Republik
90%
Nepal
88%
Königreich, Ex-Swasiland, Sprache Siswati Eswatini
87%
Sahel, gleichnamiger Fluss, Uranabbau Niger
87%
Hutu, Tutsi, Gorillas Ruanda
85%
Atoll, kleinster Inselstaat, Phosphat Nauru
84%
Emirat, Öl, Golfkrieg Kuwait
82%
Laos
82%
Wüste, Sultan, Gewürze Oman
80%
Golf von Guinea, deutsche Kolonie, Ewe Togo
76%
Tango, Evita, Wirtschaftskrise Argentinien
74%
Sandinista, Vulkane, gleichnamiger See Nicaragua
56%
Keine übereinstimmenden Quizze gefunden
Verteilung der Resultate
Anzahl Personen mit jedem Resultat
Perzentil nach korrekt beantworteten Fragen
Ihre Resultats-Entwicklung
Sie haben dieses Quiz seit der letzten Aktualisierung nicht gespielt